The Hobbit First 200 Words Quiz Stats

 Plays Quiz Updated Apr 5, 2015

Challenge
Share
Tweet
Embed
Score 0/200 Timer 15:00
1 Play Today
Word % Correct
a
97.6%
a
97.6%
a
97.6%
a
97.6%
a
97.6%
a
97.6%
a
97.6%
a
97.6%
a
97.6%
a
97.6%
a
97.6%
the
97.6%
the
97.6%
the
97.6%
The
97.6%
the
97.6%
The
97.6%
the
97.6%
the
97.6%
The
97.6%
the
97.6%
the
97.6%
the
97.6%
the
97.6%
hobbit.
93.8%
hobbit
93.8%
hobbit:
93.8%
In
91.6%
in
91.6%
in
91.6%
in
91.6%
there
87.5%
lived
85.4%
hole
81.7%
hole
81.6%
hole
81.6%
an
78.5%
No
78.2%
ground
77.4%
was
76.3%
was
76.3%
Not
75.6%
not
75.6%
and
73.7%
and
73.7%
and
73.7%
and
73.7%
and
73.7%
and
73.7%
and
73.7%
and
73.7%
and
73.7%
and
73.7%
it
70.3%
it
70.3%
It
70.3%
it -
70.3%
it,
70.3%
on
69.9%
on
69.9%
on
69.9%
on,
69.9%
on
69.9%
on
69.9%
on
69.9%
on
69.9%
of
66.4%
Word % Correct
of
66.4%
of
66.4%
of
66.4%
of
66.4%
of
66.4%
to
65.5%
to
65.5%
to
65.5%
to
65.5%
(he
60.1%
that
57.7%
with
55.6%
with
55.6%
with
55.6%
with
55.6%
with
55.6%
door
54.6%
door
54.6%
but
54.5%
for
52.8%
for
52.8%
for
52.8%
dirty
51.8%
had
50.3%
had
50.3%
round
47.5%
round
47.5%
round
47.5%
or
47.1%
nasty,
46%
green,
45.8%
comfort.
44.2%
hill -
43.9%
Hill,
43.9%
one
42.4%
middle.
42%
wet
42%
as
41.5%
smell,
41.2%
very
40.5%
very
40.5%
were
39.3%
worms
37.3%
then
36.9%
nor
36.5%
all
36.5%
all
36.5%
like
36%
like
36%
opened
35.4%
opened
35.4%
means
35.3%
down
34.9%
little
33.9%
out
33.3%
eat:
33.3%
knob
32.8%
hall
32.3%
many
31.9%
many
31.9%
dry,
31.9%
filled
31.6%
sit
31.2%
hobbit-hole,
31.1%
painted
30.4%
side
30.3%
side
30.3%
Word % Correct
nothing
29.4%
into
28.8%
brass
27.8%
sandy
27.1%
rooms
27%
people
26.7%
ends
26.4%
exact
26%
yet
25.9%
fond
25.7%
these),
24.9%
doors
24%
called
24%
floor,
23.9%
oozy
22.6%
yellow
22.5%
tunnel:
22%
tunnel
22%
tunnel
22%
perfectly
21.8%
comfortable
21.8%
shiny
21.6%
miles
21.4%
chairs,
21.2%
lots
21.1%
lots
21.1%
(lots
21.1%
smoke,
20.2%
first
20.2%
going
20.1%
going
20.1%
bare,
19.8%
another.
19.1%
visitors.
19.1%
bedrooms,
18.9%
pantries
18.5%
without
17.9%
same
17.8%
same
17.8%
walls,
17.8%
quite
17.7%
coats -
17.1%
porthole,
17.1%
hats
17%
kitchens,
17%
whole
16.3%
pegs
16%
clothes),
15.9%
wound
15.8%
bathrooms,
15.5%
straight
15.3%
floors
14%
upstairs
13.9%
devoted
13.8%
wardrobes
13.6%
passage.
13.5%
polished
13.2%
carpeted,
12.6%
tiled
12.6%
panelled
12.3%
cellars,
12.2%
tube-shaped
11.3%
dining-rooms,
11%
indeed
10.6%
fairly
9.6%
provided
9.1%

You're not logged in!

Compare scores with friends on all Sporcle quizzes.
Join for Free
OR
Log In

You Might Also Like...

Show Comments

Extras

Top Quizzes Today


Score Distribution

Your Account Isn't Verified!

In order to create a playlist on Sporcle, you need to verify the email address you used during registration. Go to your Sporcle Settings to finish the process.

Report this User

Report this user for behavior that violates our Community Guidelines.

Details: